|
|
|
|
| LEADER |
00000cam a2200000 7i4500 |
| 001 |
0000031550 |
| 005 |
20120308.0 |
| 008 |
120308 |
| 020 |
|
|
|a 9832440165
|
| 090 |
0 |
0 |
|a 959.5119
|b KES
|
| 245 |
1 |
0 |
|a Kesultanan Johor sehingga 1699 dalam ilustrasi
|c diselenggarakan oleh Kamarudin Ab. Razak
|
| 260 |
|
|
|a Johor Bahru :
|b Yayasan Warisan Johor ,
|c 2005
|
| 650 |
|
0 |
|a Kings and rules
|x history
|x 16th century
|
| 650 |
|
0 |
|a Sultanate
|z Johor
|x history
|x 16th century
|
| 650 |
|
0 |
|a Sultans
|z Johor
|x history
|x 16th century
|
| 651 |
|
0 |
|a Johor
|x history
|x 16th century
|
| 999 |
|
|
|a 0001026973
|b Book
|c REFERENCE
|e Perbadanan Perpustakaan Awam Johor
|
| 999 |
|
|
|a 0001026974
|b Book
|c REFERENCE
|e Perbadanan Perpustakaan Awam Johor
|